000 00490nam a2200169Ia 4500
008 220216s9999 xx 000 0 und d
100 _aLi C G
245 0 _aFrictional sliding on a constrained rubber layer : a simple model for a class of damping devices
260 _bRubber Chemistry and Technology
_c2000
300 _a205-216
650 _aDamping
650 _aFrictional sliding
650 _aRubber layer
650 _aSliding resistance
700 _aSteif P S
942 _cJS
999 _c59593
_d59593